000 00791nam a2200253Ia 4500
003 OSt
005 20220930190812.0
006 a|||||r|||| 00| 0
007 ta
008 220926b |||||||| |||| 00| 0 eng d
024 _a2116
037 _cDissertations
040 _aCRL
_cCRL
_beng
041 _2eng
_aeng
100 _aGupta Kusum L
_9559383
110 _aUniversity of Delhi. Faculty of Medical Sciences. Department of Surgery
245 0 _aStudy of morbidity and mortality in thyroid surgery
260 _c1972
650 _aSURGERY
700 _a Dr S Mukherjee Supervisor
_9520339
700 _aUniversity of Delhi. Faculty of Medical Sciences. Department of Surgery
942 _cDIS
_2CC
999 _c893150
_d893150